000 00624nam a2200265Ia 4500
005 20260121170053.0
008 008 260114s9999 xx 000 0 eng d
020 _a9789811018169
037 _aEBOOK
040 _aCRL
040 _beng
040 _cCRL
041 _2eng
041 _aeng
084 _qCRL
100 _aV. S. Sunder
_91059451
245 0 _aOperators on Hilbert Space
260 _bSpringer
260 _bSpringer
260 _c2016
856 _uhttps://link.springer.com/openurl?genre=book&isbn=978-981-10-1816-9
942 _cEBOOK
999 _c1625180
_d1625180